Film Industries That End In -wood By Country - Statistics

General Stats
  • This quiz has been taken 31 times
  • The average score is 11 of 21
Answer Stats
Film Industry Country % Correct
Taiwood Taiwan
67%
Hollywood United States
67%
Bollywood India
63%
Mexiwood Mexico
63%
Nollywood Nigeria
63%
Gaulywood France
59%
Kazakhwood Kazakhstan
59%
Riverwood Kenya
59%
Aussiewood Australia
56%
Sambawood Brazil
56%
Chinawood China
56%
Hogawood Japan
56%
Borehamwood United Kingdom
56%
Görliwood Germany
52%
Lollywood Pakistan
44%
Hallyuwood South Korea
41%
Dhallywood Bangladesh
37%
Trollywood Sweden
37%
Wellywood New Zealand
33%
Follywood Sri Lanka
30%
Kollywood Nepal
26%
No matching quizzes found
Score Distribution
Percent of People with Each Score
Percentile by Number Answered
Your Score History
You have not taken this quiz